| 000 | 00829cam a2200217 a 4500 | ||
|---|---|---|---|
| 020 | _a1576450538 | ||
| 082 | 0 | 0 |
_a658.15 _bNEW _cN-02, P-59 |
| 100 | 1 |
_aNewnan, Donald G. _924913 |
|
| 245 | 1 | 0 |
_aEngineering economic analysis / _cDonald G. Newnan, Jerome P. Lavelle, Ted G. Eschenbach. |
| 250 | _a8th ed. | ||
| 260 |
_aAustin, Tex. : _bEngineering Press, _cc2000. |
||
| 300 |
_aviii, 694 p. : _bill. ; _c24 cm. |
||
| 500 | _a"No software is included in this book"--Cover p. 4. | ||
| 526 |
_a0 _b0 _c0 _d658_150000000000000_NEW |
||
| 650 | 0 |
_aEngineering economy. _bNUST _936209 |
|
| 700 | 1 |
_aEschenbach, Ted. _936210 |
|
| 700 | 1 |
_aLavelle, Jerome P. _924917 |
|
| 856 | 4 | 1 | _uhttp://www.loc.gov/catdir/enhancements/fy0639/00702772-t.html |
| 856 | 4 | 2 | _uhttp://www.loc.gov/catdir/enhancements/fy0639/00702772-d.html |
| 942 |
_2ddc _cBK |
||
| 999 |
_c541442 _d541442 |
||